000 002690000a22000970004500
100 1 _aMilován, Guillermo
245 1 0 _aLa parábola del tiempo y sus limitaciones
300 _aVol. 55, Núm 246 (2000), Páginas 8-10
773 0 _tLa Biblia de las Américas
942 _cANA
999 _c51576
_d51576